000 01016nam a2200277Ia 4500
003 OSt
005 20221005103556.0
006 a|||||r|||| 00| 0
007 ta
008 221004b |||||||| |||| 00| 0 san d
020 _a9789381954225
_c1500
024 _a122835
037 _b167, 15/09/2012, Eastern Book Linkers
_cTextual
040 _aCRL
_cCRL
_bsan
041 _2san
_asan
082 _aO15,2D36,1, 152L8
100 _aशूद्रक
245 0 _aमृच्छकटिकम्
246 _aMṛuchchhakaṭikam
260 _aजयपुर
_bहंसा प्रकाशन भारत
_c1978
300 _a788पृ0
_ccm.
650 _aहिन्दी साहित्य
700 _a द्विवेदी, शिवबालक, संपा.
942 _hO15,2D36,1, 152L8
_cTEXL
_2cc
999 _c1010321
_d1010321